| 000 | 02703cam a22005774i 4500 | ||
|---|---|---|---|
| 003 | PE-LiUPU | ||
| 005 | 20250731172848.0 | ||
| 008 | 140519t20142014enk rb 001 0 eng d | ||
| 020 |
_a0830826335 _q(USA) |
||
| 020 |
_a1783591374 _q(UK) |
||
| 020 |
_a9780830826339 _q(USA) |
||
| 020 |
_a9781783591374 _q(UK) |
||
| 035 | _a(Sirsi) i9780830826339 | ||
| 040 |
_aYDXCP _bspa _erda _cYDXCP _dBTCTA _dOCLCQ _dKTS _dOCLCO _dUKMGB _dTLE _dOCLCQ _dHNW _dOCLCA _dOCLCF _dZID _dAHS _dOCLCQ _dAUTTC _dDLC _dPE-LiUPU |
||
| 049 | _aPRUA | ||
| 050 | 4 |
_aBS1555.52 _b.H357 2014 |
|
| 050 | 4 |
_aBS1555.53 _b.H36 2014 |
|
| 082 | 0 | 4 |
_a224.506 _bH19 _223 |
| 100 | 1 |
_aHamilton, James M., _eautor. |
|
| 245 | 1 | 0 |
_aWith the clouds of heaven : _bthe book of Daniel in biblical theology / _cJames M. Hamilton. |
| 246 | 3 | 0 | _aBook of Daniel in biblical theology. |
| 264 | 1 |
_aNottingham, England : _bApollos, _c2014. |
|
| 300 |
_a263 páginas ; _c22 centímetros. |
||
| 336 |
_atext _2rdacontent |
||
| 337 |
_aunmediated _2rdamedia |
||
| 338 |
_avolume _2rdacarrier |
||
| 490 | 0 |
_aNew studies in biblical theology ; _v32 |
|
| 504 | _aBibliografía : páginas 237-246. | ||
| 504 | _aÍndice : páginas 247-263. | ||
| 505 | 0 | _aPreliminaries -- From Eden to the end : Daniel in Old Testament salvation history -- The literary structure of Daniel -- Four kingdoms ; then everlasting dominion : the history of the future -- Seventy weeks and seventy weeks of years : Daniel's prayer and Gabriel's revelation -- The one like a son of man and other heavenly beings in Daniel -- Interpretations of Daniel in early Jewish literature -- Interpretations of Daniel in the New Testament (except Revelation) -- Interpretations of Daniel in the apocalypse -- Typological patterns : Daniel in biblical theology. | |
| 526 | _aSEG42 | ||
| 526 | _aSEG41 | ||
| 526 | _aSEG40 | ||
| 526 | _aSEG39 | ||
| 526 | _aP94 | ||
| 526 | _aP87 | ||
| 526 | _aP86 | ||
| 526 | _aP85 | ||
| 526 | _aP77 | ||
| 526 | _aP76 | ||
| 526 | _aP35 | ||
| 630 | 0 | 0 |
_aBiblia. _pAntiguo Testamento. _pDaniel _vComentarios. |
| 630 | 0 | 0 |
_aBiblia. _pAntiguo Testamento. _pDaniel _xCrítica e interpretación. |
| 910 |
_ajck _bjck _cjck _d20160606 |
||
| 942 |
_2ddc _cBOOK |
||
| 949 |
_a224.506 H19 _wDEWEY _c1 _i73513 _d2016-8-28 _e2016-8-21 _lCCODEBUL1 _mBUL _n1 _p12.50 _r0 _sY _tBOOK _u2016-6-6 _xTEOLOGIA _PP85 _0COMPRA _o.STAFF. Posgrado |
||
| 994 |
_aC0 _bPEPRU |
||
| 596 | _a1 | ||
| 999 |
_a224.506 H19 _wDEWEY _c9751 _i73513 _d9751 _e2018-11-12 _f2021-11-9 _g5 _lCCODEBUL1 _mBUL _n4 _p12.50 _q2 _r0 _sY _tBOOK _u2016-6-6 _xTEOLOGIA _PP85 _0COMPRA _o.STAFF. Colección Teología |
||
| 980 |
_81 _gALBERTO SANCHEZ Responsable de Automatización |
||